MARC

LEADER 00000nam0a2200000 4500
001 120085
005 20231101215601.0
035 |a (RuTPU)RU\TPU\book\130011 
090 |a 120085 
100 |a 20070816d1969 km y0rusy50 ca 
101 0 |a rus 
102 |a RU 
105 |a af z 111zb 
200 1 |a Сто лет периодического закона химических элементов  |e X юбилейный Менделеевский съезд  |f Академия наук СССР (АН СССР), Всесоюзное химическое общество им. Д. И. Менделеева 
210 |a Москва  |c Наука  |d 1969 
215 |a 378 с.  |c ил. 
320 |a Библиография в конце докладов. 
600 1 |a Менделеев  |g Дмитрий Иванович  |b Д. И.  |c учёный-энциклопедист, химик, педагог  |f 1834-1907  |c член-корреспондент Петербургской АН  |2 stltpush  |3 (RuTPU)RU\TPU\pers\1367 
606 1 |a Периодическая система элементов  |2 stltpush  |3 (RuTPU)RU\TPU\subj\72133  |9 85718 
610 1 |a периодический закон 
610 1 |a периодический закон Менделеева 
610 1 |a химические элементы 
610 1 |a сборники 
675 |a 546-123-048.4(063)  |v 3 
712 0 2 |a Академия наук СССР (АН СССР)  |b Всесоюзное химическое общество им. Д. И. Менделеева  |2 stltpush  |3 (RuTPU)RU\TPU\col\722 
801 1 |a RU  |b 63413507  |c 20070816  |g PSBO 
801 2 |a RU  |b 63413507  |c 20180111  |g PSBO 
942 |c BK